000 00687nam a2200241Ia 4500
003 OSt
005 20220925220332.0
006 a|||||r|||| 00| 0
007 ta
008 220923b |||||||| |||| 00| 0 eng d
037 _cGeneral Book
040 _aRTL
_cRTL
_beng
041 _2eng
_aeng
082 _aX:82, L4
100 _aGraham H. T.
_9284585
245 0 _aHuman resources management
260 _aLondon
_bMacdonald and Evans UK
_c1974
300 _ax, 261p. Bib p 250 ; Appendix p 237-56
_ccm.
490 _aMacdonald and Evans handbook series
650 _aTop Management
942 _hX:82, L4
_cGB
_2CC
999 _c571169
_d571169